Fertilización fosfatada y nitrogenada en girasol bajo labranza convencional en el sudoeste de Buenos Aires /

Guardado en:
Autor Principal: Holzmann, Alejandro Javier.
Autor Corporativo: Universidad Nacional del Sur. Departamento de Agronomía.
Otros Autores: Cantamutto, Miguel A, (tutor.)
Formato: Libro
Idioma:Spanish
Publicado: Bahía Blanca, 2006.
Etiquetas: Agregar Etiqueta
Sin Etiquetas, Sea el primero en etiquetar este registro!
LEADER 00756nam a22001695a 4500
001 EEA.libagro007610
005 20180424130534.0
008 130809s2006####ag#a##########000#0#spa#d
082 0 4 |a 633.85 
100 1 |a Holzmann, Alejandro Javier. 
245 1 0 |a Fertilización fosfatada y nitrogenada en girasol bajo labranza convencional en el sudoeste de Buenos Aires /  |c Alejandro Javier Holzmann. 
260 |a Bahía Blanca,  |c 2006. 
300 |a 49 h. :  |b il. ;  |c 30 cm. 
500 |a Trabajo de intensificación (Ingeniero Agrónomo) -- Universidad Nacional del Sur. Departamento de Agronomía, 2006. 
700 1 |a Cantamutto, Miguel A,  |e tutor. 
710 2 |a Universidad Nacional del Sur.  |b Departamento de Agronomía. 
859 |a AR-BbBCA  |b BIB. AGRONOMIA  |h 633.85  |i H762  |p 2006/4999